| 000 | 00859cam a2200241 a 4500 | ||
|---|---|---|---|
| 001 | vtls003112227 | ||
| 003 | MY-SjTCS | ||
| 005 | 20220819150827.0 | ||
| 008 | 110218s1991 enka b 001 0 eng d | ||
| 020 | _a1850296545 (pbk.) | ||
| 020 | _a9781850296546 (pbk.) | ||
| 039 | 9 |
_a201102181816 _bVLOAD _c200805071807 _dpushpa _c200804171444 _dshuhada _y200804171444 _zshuhada |
|
| 082 | 0 | 4 |
_a748.2 _bSOT |
| 245 | 0 | 0 |
_aSotheby's concise encyclopedia of glass / _cgeneral editors: David Battie, Simon Cottle. |
| 260 |
_aLondon : _bConran Octopus, _c1991. |
||
| 300 |
_a208 p. : _bcol. ill.; _c29 cm. |
||
| 504 | _aIncludes bibliographical references and index. | ||
| 650 | 0 |
_aGlassware _xCollectors and collecting. _9237599 |
|
| 700 | 1 |
_aBattie, David. _9237600 |
|
| 700 | 1 |
_aCottle, Simon. _9237601 |
|
| 710 | 2 |
_aSotheby's (Firm) _9237602 |
|
| 920 | _aTCHT : 642053 | ||
| 999 | _c44306 | ||